| 000 | 00867nam a2200265Ia 4500 | ||
|---|---|---|---|
| 003 | OSt | ||
| 005 | 20220928112538.0 | ||
| 006 | a|||||r|||| 00| 0 | ||
| 007 | ta | ||
| 008 | 220927b |||||||| |||| 00| 0 eng d | ||
| 020 | _cUKP 70.00 | ||
| 024 | _a135048 | ||
| 037 |
_b1287, 23/02/2017, Bright Book Service _cTextual |
||
| 040 |
_aSDCL _cSDCL _beng |
||
| 041 |
_2eng _aeng |
||
| 082 | _aV2(Q6)'M45->M57, Q5 | ||
| 100 |
_aAtherstone Andrew Ed. _9428672 |
||
| 245 | 0 | _aJournal Bishop Daniel Wilson of Calcutta,1845-1857 (Church of England record society 21) | |
| 260 |
_aChurch _bof england record society The Boydell Press _c2015 |
||
| 300 |
_alii,373p. _ccm. |
||
| 490 | _v21 | ||
| 650 | _aHistory | ||
| 942 |
_hV2(Q6)'M45->M57, Q5 _cTEXL _2CC |
||
| 999 |
_c745212 _d745212 |
||